000 00381 a2200109 4500
020 _a0309094232
082 _a363.125 MOR
100 _aMorris, Joseph R.
245 _aImproving Road Safety in Developing Countries Opportunities for U. S. Cooperation and Engagement /
_cJoseph R. Morris
260 _aWashington :
_bTransportation Research Board,
_c2006
300 _a52p. :
_bill. ;
_c30 cm
650 _aRoad safety
999 _c2260
_d2260